Cyber bullying: featuring Laurence the lion (Record no. 39893)

MARC details
000 -LEADER
fixed length control field 00422nam a2200169Ia 4500
020 ## - INTERNATIONAL STANDARD BOOK NUMBER
ISBN 9781689926041
050 ## - CALL MARK
Classification number HV 6773 .S73/
100 ## - STATEMENT OF RESPONSIBILITY--MAIN AUTHOR NAME
Personal name Stanley, Dave
245 #0 - TITLE STATEMENT
Title Cyber bullying: featuring Laurence the lion
260 ## - PUBLICATION, DISTRIBUTION, ETC. (IMPRINT)
Place of publication Britain
260 ## - PUBLICATION, DISTRIBUTION, ETC. (IMPRINT)
Name of publisher Simply serious stories limited
260 ## - PUBLICATION, DISTRIBUTION, ETC. (IMPRINT)
Year of publication 2019
650 ## - SUBJECT ADDED ENTRY--TOPICAL TERM
Topical Term Britain
942 ## - ADDED ENTRY ELEMENTS (KOHA)
Koha item type Books
Holdings
Withdrawn status Lost status Source of classification or shelving scheme Damaged status Not for loan Permanent Location Current Location Shelving location Date acquired Accession Number Price effective from Koha item type
    Library of Congress Classification     NILE UNIVERSITY OF NIGERIA - MAIN LIBRARY NILE UNIVERSITY OF NIGERIA - MAIN LIBRARY Items on shelf 06/03/2025 0193364 06/03/2025 Books
    Library of Congress Classification     NILE UNIVERSITY OF NIGERIA - MAIN LIBRARY NILE UNIVERSITY OF NIGERIA - MAIN LIBRARY Items on shelf 06/03/2025 0193365 06/03/2025 Books